Delay analysis in construction contracts (Record no. 115687)

MARC details
000 -LEADER
fixed length control field 02160cam a2200325 4500
001 - CONTROL NUMBER
control field L159121
008 - FIXED-LENGTH DATA ELEMENTS--GENERAL INFORMATION
fixed length control field 091019s2015 000 0 eng u
020 ## - INTERNATIONAL STANDARD BOOK NUMBER
International Standard Book Number 9781118631126
035 ## - SYSTEM CONTROL NUMBER
System control number (Sirsi) u159121
041 0# - LANGUAGE CODE
Language code of text/sound track or separate title eng
050 04 - LIBRARY OF CONGRESS CALL NUMBER
Classification number 692.8
100 1# - MAIN ENTRY--PERSONAL NAME
Personal name Keane, John P
245 ## - TITLE STATEMENT
Title Delay analysis in construction contracts
Medium [electronic resource]
260 ## - PUBLICATION, DISTRIBUTION, ETC.
Place of publication, distribution, etc. Chichester
Name of publisher, distributor, etc. John Wiley& Sons
-- Blackwell Publishing
Date of publication, distribution, etc. 2015
300 ## - PHYSICAL DESCRIPTION
Extent eBook
505 2# - FORMATTED CONTENTS NOTE
Formatted contents note Introduction -- Show sub-topics -- Construction Programmes -- Identification of Construction Delays -- Analysis of Construction Delays -- Delay Analysis Techniques -- Problematic Issues -- Effective Presentation of Delay Analysis -- Appendix -- Glossary -- Table of Cases -- Index
520 ## - SUMMARY, ETC.
Summary, etc. Provides guidance to the process of delay analysis and includes an in-depth review of the primary methods of delay analysis, together with the assumptions that underlie the precise calculations required in any quantitative delay analysis. Assessing the financial impacts associated with delay and disruption, and establishing a causal link from each delay event to its effect, contractual liability and the damages experienced as a direct result of each event, can be difficult and complex. The authors discuss delay analysis techniques, and their appropriateness under given circumstances, demonstrating how combined approaches may be applied where necessary. They also consider problematic issues including 'who owns the float', concurrent delay, early completion programmes, and disruption. The book features practical worked examples and case studies demonstrating the techniques commonly used by experienced practitioners.
590 ## - LOCAL NOTE (RLIN)
Local note KA
650 24 - SUBJECT ADDED ENTRY--TOPICAL TERM
Topical term or geographic name entry element EBOOK
650 24 - SUBJECT ADDED ENTRY--TOPICAL TERM
Topical term or geographic name entry element DELAY ANALYSIS
650 24 - SUBJECT ADDED ENTRY--TOPICAL TERM
Topical term or geographic name entry element DISRUPTION
650 24 - SUBJECT ADDED ENTRY--TOPICAL TERM
Topical term or geographic name entry element CONTRACTUAL LIABILITY
650 24 - SUBJECT ADDED ENTRY--TOPICAL TERM
Topical term or geographic name entry element MANAGEMENT-DISPUTE AVOIDANCE, MANAGEMENT AND RESOLUTION-DISPUTE MANAGEMENT AND RESOLUTION
651 #4 - SUBJECT ADDED ENTRY--GEOGRAPHIC NAME
Geographic name International
690 ## - LOCAL SUBJECT ADDED ENTRY--TOPICAL TERM (OCLC, RLIN)
Topical term or geographic name as entry element Contracts
9 (RLIN) 6232
700 1# - ADDED ENTRY--PERSONAL NAME
Personal name Caletka, Tony
856 40 - ELECTRONIC LOCATION AND ACCESS
Uniform Resource Identifier <a href="https://www.vlebooks.com/">https://www.vlebooks.com/</a>
Public note View on VLEbooks. Logins for members only from [email protected]
942 ## - ADDED ENTRY ELEMENTS (KOHA)
Suppress in OPAC 0
Holdings
Withdrawn status Lost status Source of classification or shelving scheme Damaged status Not for loan Home library Current library Shelving location Date acquired Total Checkouts Full call number Barcode Date last seen Copy number Price effective from Koha item type
    Dewey Decimal Classification     Virtual Virtual Online 02/02/2016   EBOOK 159121-2001 06/08/2019 1 06/08/2019 Book